[Event "Sochi-A"]
[Site "Sochi"]
[Date "1989.??.??"]
[Round "?"]
[White "Geller, Efim P"]
[Black "Ulybin, Mikhail"]
[Result "1-0"]
[WhiteElo "2505"]
[BlackElo "2495"]
[Annotator "Knaak,R"]
[PlyCount "59"]
[EventDate "1989.01.??"]
[EventType "tourn"]
[EventRounds "15"]
[EventCountry "URS"]
[EventCategory "10"]
[SourceTitle "CBM 016"]
[Source "ChessBase"]
[SourceDate "1990.06.01"]
[SourceVersion "1"]
[SourceVersionDate "1990.06.01"]
[SourceQuality "1"]

1. e4 e6 2. d4 d5 3. Nd2 Nf6 4. e5 Nfd7 5. Bd3 c5 6. c3 Nc6 7. Ne2 cxd4 8. cxd4
f6 9. exf6 Nxf6 10. O-O Bd6 11. Nf3 O-O 12. Bg5 Qb6 13. Nc3 Bd7 14. Re1 Ng4 15.
Bh4 Kh8 $6 {N; 15...Sh6 ist schon desöfteren gespielt worden. Zum Beispiel Van
der Wiel- Short, Biel 1985 - i40/348} 16. Bxh7 $1 Qxb2 (16... Nxh2 17. Ng5 Qxd4
18. Qh5 Qg4 {Von Van der Wiel angegeben in i40, aber ...} 19. Bg6+ Qxh5 20.
Bxh5 {und neben einigen Drohungen hat sich auch noch der Springer auf h2
verlaufen.}) 17. Rc1 Bf4 18. Rc2 Qa3 19. Bg6 {Fazit: Materiell hat sich nichts
verändert, aber die Gefahr eines weißen Überfalls am Königsflügel hat sich
erheblich vergrößert. Der folgende Zug sollte deshalb besser unterbleiben.} Nb4
$6 20. Be7 $1 Rfc8 21. Ne5 $1 $18 {Geller nimmt die Einladung natürlich an.
Der Angriff ist unwiderstehlich.} Nxe5 22. dxe5 Rxc3 23. Qh5+ Bh6 24. Bg5 Be8
25. Bxe8 Nxc2 26. Bxh6 Nxe1 (26... gxh6 27. Qxh6+ Kg8 28. Qg6+ Kh8 29. Qf6+ Kg8
(29... Kh7 30. Bg6+ Kh6 31. Bf5+ Kh5 32. g4#) 30. Bf7+ Kh7 31. Qg6+ Kh8 32.
Qh6#) 27. Bc1+ {27.Lxg7+! hätte nach dem eben beschriebenen Verfahren direkt
zum Matt geführt.} Kg8 28. Bf7+ Kf8 29. Bxa3+ Rxa3 30. Bxe6 1-0

[Event "Hoogovens op"]
[Site "Wijk aan Zee"]
[Date "1993.01.??"]
[Round "11"]
[White "Wolff, Patrick G"]
[Black "Lputian, Smbat G"]
[Result "0-1"]
[WhiteElo "2580"]
[BlackElo "2610"]
[Annotator "Knaak,R"]
[PlyCount "144"]
[EventDate "1993.01.??"]
[EventType "swiss"]
[EventRounds "12"]
[EventCountry "NED"]
[SourceTitle "CBM 034"]
[Source "ChessBase"]
[SourceDate "1993.06.01"]
[SourceVersion "1"]
[SourceVersionDate "1993.06.01"]
[SourceQuality "1"]

1. e4 e6 2. d4 d5 3. Nd2 Nf6 4. e5 Nfd7 5. c3 c5 6. Bd3 b6 7. Ne2 Ba6 8. Bxa6
Nxa6 9. O-O Nc7 10. Nf4 Be7 11. Nf3 (11. Qg4 $14 g6 (11... O-O 12. Nh5 g6 13.
Nf3 Kh8 14. Bh6 Rg8 15. Nf4 $14 {(Razuvaev)}) 12. Re1 Nb8 (12... Nf8 13. dxc5
bxc5 14. c4 Qd7 15. b3 h5 16. Qf3 g5 17. Nxh5 O-O-O 18. Nf6 Bxf6 19. Qxf6 $16 {
Mueller,Ka-Moskalenko/Budapest/1991}) (12... c4 $5) 13. dxc5 bxc5 14. c4 Nc6
15. cxd5 Nxd5 16. Nxd5 Qxd5 17. Nf3 O-O 18. Bg5 $14 {(Razuvaev)}) 11... O-O $5
$146 12. Re1 a5 13. Re3 (13. a4 $5) 13... a4 14. a3 f6 $1 15. exf6 Rxf6 16. Re1
(16. Nd3 $1) 16... Bd6 17. Nd3 Rf5 18. g3 c4 19. Bf4 Bxf4 20. Nxf4 Qf6 21. Re3
Rf8 22. Kg2 Rxf4 $5 (22... g5 23. Nh5 Qg6 24. g4 R5f7 25. Qxa4 Rxf3 26. Rxf3
Qe4 27. Qd1 Qxg4+ 28. Rg3 $18) 23. gxf4 Qxf4 $44 24. Qe2 Rf6 25. Rg1 Rh6 (25...
Nb5 $5 26. Kf1 (26. Qd1 $6 Nd6 27. Qxa4 $2 Nf5 $17) 26... Nf8 $44) 26. Kf1 Nf6
$6 (26... Kf8 $6 27. h3 Rxh3 28. Ne5 Rxe3 29. Nxd7+ Ke8 30. Qxe3 Qxe3 31. fxe3
Kxd7 32. Rxg7+ $18) (26... Rh3 $6 27. Rxe6 Rxf3 28. Re7 $18) (26... Nf8 27. Rg3
$14) 27. Rxe6 $1 Nxe6 28. Qxe6+ Kf8 29. Ne5 $4 (29. Ng5 Qc1+ (29... Ne4 30.
Qc8+ Ke7 31. Nxe4 Qxe4 32. Rxg7+ $18) (29... Qc7 30. h3 $16) 30. Ke2 Qxb2+ 31.
Kf3 Qxc3+ 32. Kg2 $18) 29... Qxf2+ $1 $19 30. Kxf2 Ne4+ 31. Kg2 Rxe6 32. Rf1+
Ke8 33. Re1 Kd8 34. Re2 Kc7 35. Re3 Rf6 36. Re2 b5 37. Kg1 Kd6 38. Rg2 g5 39.
Re2 h5 40. Kg2 g4 41. Kg1 Ng5 42. Rd2 Rf3 43. Rc2 Nh3+ 44. Kg2 Nf4+ 45. Kg1 Re3
46. Kf2 Rh3 47. Kg1 Ke6 48. Rf2 Kf5 49. Nf7 g3 50. hxg3 Rxg3+ 51. Kh2 Rh3+ 52.
Kg1 Re3 53. Kf1 h4 54. Nd6+ Kg4 55. Nf7 h3 56. Nh6+ Kg5 57. Nf7+ Kf5 58. Nh6+
Ke4 59. Nf7 Ng2 60. Ng5+ Kd3 61. Nxh3 Rg3 62. Rxg2 Rxh3 63. Kg1 Rf3 64. Rh2 b4
65. cxb4 Kxd4 66. Rd2+ Ke4 67. Rf2 Rb3 68. Kf1 d4 69. Ke1 c3 70. bxc3 Rb1+ 71.
Kd2 Rb2+ 72. Ke1 dxc3 0-1

[Event "Groningen op"]
[Site "Groningen"]
[Date "1990.??.??"]
[Round "8"]
[White "Smirin, Ilia"]
[Black "Poldauf, Dirk"]
[Result "1-0"]
[WhiteElo "2555"]
[BlackElo "2370"]
[Annotator "Knaak,R"]
[PlyCount "55"]
[EventDate "1990.??.??"]
[EventType "swiss"]
[EventRounds "9"]
[EventCountry "NED"]
[SourceTitle "CBM 022"]
[Source "ChessBase"]
[SourceDate "1991.06.01"]
[SourceVersion "1"]
[SourceVersionDate "1991.06.01"]
[SourceQuality "1"]

1. e4 e6 2. d4 d5 3. Nd2 Nf6 4. e5 Nfd7 5. c3 c5 6. Bd3 Nc6 7. Ngf3 Be7 8. O-O
g5 9. dxc5 $1 Nxc5 (9... g4 $5 10. Nd4 Ncxe5 11. Bb5 Bxc5 12. f4 Nc6 13. N2b3
Qb6 14. Nxc5 Qxc5 15. Bxc6 (15. Be3 Rg8 $13) 15... bxc6 16. Qxg4 Ba6 17. Re1
O-O-O $13) 10. Bb5 a6 (10... Bd7 11. Qe2 a6 12. Bxc6 bxc6 13. c4 Rb8 14. b3 Qa5
15. Qe3 Rg8 16. Nd4 $16 {Rachels-Arencibia,W/Manila izt/1990/i49/315}) 11.
Bxc6+ bxc6 12. b4 (12. Nd4 Bb7 13. Qh5 {/\ b4, N2f3+/- Rachels}) 12... Nd7 13.
Nb3 g4 14. Nfd4 Nxe5 15. Bf4 $16 Qc7 16. Bxe5 Qxe5 17. Nxc6 Qf4 18. Nxe7 Kxe7
19. g3 Qg5 20. Qd4 f6 21. f4 gxf3 22. Rxf3 Bd7 23. Qc5+ Ke8 24. Re1 Rf8 25. Qd6
e5 26. Nc5 Bh3 27. Ne6 Qd2 28. Qxf8+ 1-0

[Event "Groningen op"]
[Site "Groningen"]
[Date "1990.??.??"]
[Round "3"]
[White "Kveinys, Aloyzas"]
[Black "Poldauf, Dirk"]
[Result "1/2-1/2"]
[WhiteElo "2465"]
[BlackElo "2370"]
[Annotator "Knaak,R"]
[PlyCount "72"]
[EventDate "1990.??.??"]
[EventType "swiss"]
[EventRounds "9"]
[EventCountry "NED"]
[SourceTitle "CBM 022"]
[Source "ChessBase"]
[SourceDate "1991.06.01"]
[SourceVersion "1"]
[SourceVersionDate "1991.06.01"]
[SourceQuality "1"]

1. e4 e6 2. d4 d5 3. Nd2 Nf6 4. Bd3 c5 5. e5 Nfd7 6. c3 Nc6 7. Ne2 cxd4 8. cxd4
f6 9. exf6 Nxf6 10. Nf3 Bd6 11. O-O Qc7 12. Bg5 O-O 13. Rc1 Bd7 14. Qc2 $6 {N}
Be8 $1 15. Bh4 $6 (15. Bxf6 gxf6 {/\ Qg7=/+}) (15. h3 $5 {/\ Be3}) 15... h6 16.
Bg3 Bh5 $17 17. Ne5 Bxe2 18. Qxe2 (18. Bxe2 Nxd4 19. Qxc7 Nxe2+ 20. Kh1 Bxc7
21. Rxc7 Ne4 22. Re1 Rxf2 $19) 18... Nxd4 19. Qe3 Qb6 20. Nc6 Bxg3 21. Ne7+ Kf7
22. Qxg3 Kxe7 23. Rc7+ Kd8 24. Rfc1 (24. Qxg7 Qd6 {/\ 25...Nf3 26.gf3 Rg8, 25..
.Ne8}) 24... Ne4 $2 (24... Ne8 $1 $19) 25. Qxg7 Nf3+ 26. gxf3 Qxf2+ 27. Kh1
Qxf3+ 28. Kg1 Qe3+ 29. Kg2 (29. Kh1 $2 Nf2+ 30. Kg2 Qf3+ 31. Kg1 Nh3#) 29...
Rf2+ 30. Kh1 Qf3+ 31. Kg1 Rg2+ 32. Qxg2 Qe3+ 33. Kh1 Nf2+ 34. Kg1 Ne4+ (34...
Nxd3+ 35. Kh1 Nxc1 $2 36. Rf7 $1 $16) 35. Kh1 Nf2+ 36. Kg1 Ne4+ 1/2-1/2

[Event "Kecskemet Open"]
[Site "Kecskemet "]
[Date "1985.10.25"]
[Round "4"]
[White "Halasz, Tamas"]
[Black "Knaak, Rainer"]
[Result "1/2-1/2"]
[WhiteElo "2350"]
[BlackElo "2530"]
[Annotator "Knaak,R"]
[PlyCount "85"]
[EventDate "1985.10.22"]
[EventType "swiss"]
[EventRounds "11"]
[EventCountry "HUN"]
[SourceTitle "EXT 2000"]
[Source "ChessBase"]
[SourceDate "1999.11.16"]
[SourceVersion "1"]
[SourceVersionDate "1999.11.16"]
[SourceQuality "1"]

1. e4 e6 2. d4 d5 3. Nd2 Nf6 4. e5 Nfd7 5. Bd3 c5 6. c3 Nc6 7. Ngf3 Be7 8. O-O
a5 9. Re1 cxd4 10. cxd4 g5 11. h3 h5 12. Nf1 $1 g4 (12... Rg8 $5) 13. hxg4 hxg4
14. N3h2 Nxd4 (14... Qb6 15. Be3) (14... Bb4 $5 15. Re3 Qh4 $2 16. Rg3 f5 17.
exf6 Bd6 18. Rxg4 $3 $18) 15. Qxg4 Bc5 {/\ Qh4=} 16. Bg5 $1 Qb6 17. Qf4 (17.
Be3 $1 $16) 17... Nc6 18. Re2 $1 Qb4 (18... Ncxe5 19. Rxe5 Nxe5 20. Qxe5 Bxf2+
21. Kh1 Bd4 22. Qg3 $16) 19. Qg3 Rg8 20. Nf3 Nf8 21. N1h2 {/\ Ng4+-} Be7 22.
Bxe7 Nxe7 23. Ng5 $1 Nf5 $1 24. Bxf5 exf5 25. f4 (25. e6 $5) 25... Ne6 (25...
Be6 $142) 26. Rf2 Bd7 27. Rd1 Rc8 28. Qe3 Nxg5 29. fxg5 Qe4 30. Qd2 Be6 31. Nf3
$14 b6 32. Re1 Qg4 33. Qe3 Rc5 34. Qb3 Qb4 $8 35. Qxb4 axb4 36. b3 Ke7 $2 $138
(36... Kd7 $142) 37. Rd1 Ra8 38. Rd4 Rb5 39. Ne1 (39. Kh2 $1) 39... Rg8 40. Nd3
Rxg5 41. Nxb4 Rg4 42. Rff4 (42. Rxg4 $14) 42... Rg8 43. Rd2 1/2-1/2

[Event "EU-Cup 09th Group7"]
[Site "Barcelona"]
[Date "1993.10.03"]
[Round "3"]
[White "Holmes, Donald A"]
[Black "Vavra, Pavel"]
[Result "0-1"]
[WhiteElo "2300"]
[BlackElo "2350"]
[Annotator "Knaak,R"]
[PlyCount "66"]
[EventDate "1993.10.01"]
[EventType "team-k.o."]
[EventRounds "3"]
[EventCountry "ESP"]
[SourceTitle "EXT 2020"]
[Source "ChessBase"]
[SourceDate "2019.10.17"]
[SourceVersion "1"]
[SourceVersionDate "2019.10.17"]
[SourceQuality "1"]
[WhiteTeam "Paisley YMCA Renfrew"]
[BlackTeam "Prague Bohemians"]
[WhiteTeamCountry "SCO"]
[BlackTeamCountry "CZE"]

1. e4 e6 2. d4 d5 3. Nd2 Nf6 4. e5 Nfd7 5. c3 c5 6. Ngf3 Nc6 7. Bd3 g6 $5 8. h4
$1 (8. O-O Bg7 9. Re1 (9. b3 $6 O-O 10. Bb2 f6 11. exf6 Qxf6 $15 12. c4 cxd4
13. cxd5 exd5 14. Bb5 Qd6 15. Bxc6 bxc6 16. Bxd4 Bxd4 17. Nxd4 Ne5 $17 {
Vogt,L-Bareev,E/Budapest/1988/}) (9. Qe2 Qb6 10. Re1 O-O 11. dxc5 Qc7 $10 {
Bareev}) 9... O-O 10. Nf1 f6 $6 (10... cxd4 11. cxd4 f6 $1 $10) 11. exf6 Qxf6
12. Ne3 $1 cxd4 13. Ng4 Qe7 14. cxd4 Nxd4 15. Nxd4 Bxd4 16. Bxg6 Qg7 $2 17. Bh5
$16 {Kunze,M-Poldauf,D/FRG-ch/1991/}) 8... Bg7 (8... Qb6 9. O-O (9. h5 $1) 9...
Bg7 (9... cxd4 10. cxd4 Nxd4 11. Nxd4 Qxd4 12. Nf3 Qg4 13. Be3 Be7 14. g3 O-O
15. Be2 $44 {Jankov,J-Stavrev,N/BLG-ch/1991/}) 10. h5 (10. Re1 O-O 11. h5 cxd4
12. cxd4 Nxd4 13. Nxd4 Qxd4 14. Nf3 Qg4 15. Bd2 Qxh5 16. Bb4 Re8 17. Rc1 $44 {
Vavra,P-Matlak,M/Prag/1992/}) 10... cxd4 11. cxd4 Nxd4 12. Nxd4 Qxd4 13. Nf3
Qg4 14. Be2 Qxh5 $13 {Nikolenko,O-Zlochevskij,A/Moscov/1989/}) 9. a3 $6 (9. h5
$13) 9... Qb6 (9... f6 $5) 10. b4 $4 cxd4 11. cxd4 Nxd4 $19 12. Bb2 Nxe5 $1 13.
Nxe5 (13. Bxd4 Nxd3+ 14. Ke2 Bxd4 $19) 13... Bxe5 14. Kf1 Bd7 15. Rb1 Rc8 16.
Kg1 O-O 17. h5 Bg7 18. Qg4 f5 19. Qh4 Bf6 20. Qg3 g5 21. Nb3 h6 22. Nc5 Qc7 23.
Qe3 f4 24. Qd2 e5 25. Bxd4 exd4 26. Rc1 b6 27. Nb3 Qd6 28. Rxc8 Rxc8 29. Bb1
Qe5 30. Qd3 Bg7 31. Kh2 Rc3 32. Qh7+ Kf8 33. Nc1 Rh3+ $1 (33... Rh3+ 34. gxh3
f3+ 35. Kg1 Qe1+ 36. Kh2 Qxf2#) 0-1

[Event "Sochi-A"]
[Site "Sochi"]
[Date "1989.??.??"]
[Round "?"]
[White "Kholmov, Ratmir D"]
[Black "Ulybin, Mikhail"]
[Result "1/2-1/2"]
[WhiteElo "2485"]
[BlackElo "2495"]
[Annotator "Knaak,R"]
[PlyCount "60"]
[EventDate "1989.01.??"]
[EventType "tourn"]
[EventRounds "15"]
[EventCountry "URS"]
[EventCategory "10"]
[SourceTitle "CBM 016"]
[Source "ChessBase"]
[SourceDate "1990.06.01"]
[SourceVersion "1"]
[SourceVersionDate "1990.06.01"]
[SourceQuality "1"]

1. e4 e6 2. d4 d5 3. Nd2 Nf6 4. e5 Nfd7 5. c3 c5 6. Bd3 Nc6 7. Ne2 cxd4 8. cxd4
f6 9. exf6 Nxf6 10. O-O Bd6 11. Nf3 O-O 12. Bf4 Bxf4 13. Nxf4 Ne4 14. Ne2 Rxf3
15. gxf3 Ng5 16. Kh1 e5 17. dxe5 Nxf3 $1 {N; Mit dieser Neuerung wird das von
mir in CBM 13/S.47 schon totgesagte Qualitätsopfer zu neuem Leben erweckt.} (
17... Nxe5 $2 {i47/336}) 18. Bxh7+ {Nimmt die Herausforderung an.} (18. Ng1
Nfxe5 $146) 18... Kh8 19. Ng1 Ncd4 $1 (19... Nxg1 $2 20. Qh5 $18) (19... Ncxe5
$2 20. Be4 $1 $18) (19... Nfxe5 20. Bc2 $16) 20. Re1 (20. Bd3 $2 Bg4 21. Be2
Nxe2 22. Qxe2 Qh4 23. Nxf3 Qh5 $19) (20. Nxf3 $5 Bg4 21. Nxd4 Bxd1 22. Raxd1
Kxh7 $15) 20... Bg4 21. Re3 Qf8 {/\ Df4} (21... Qh4 $1 {Kholmov} 22. Nxf3 Qxf2
23. Qxd4 $1 Bxf3+ 24. Rxf3 Qxd4 25. Rh3 g5 (25... Qxe5 26. Bg6+ Kg8 27. Rf1 $10
) 26. Rg1 Qxe5 27. Rh5 Qe2 28. Bg6+ $1 {Kholmov gibt stattdessen in i48/379 28.
Tgg5 Df1 29.Tg1 Df3-+ an.} Kg7 29. Rhxg5 Qf3+ 30. R1g2 $10) 22. Be4 $1 $8 dxe4
23. Rxe4 Bd7 $10 (23... Nxg1 $2 24. Qxg4 $1) 24. Rxd4 Nxd4 25. Qxd4 Bc6+ 26. f3
Bxf3+ 27. Nxf3 Qxf3+ 28. Kg1 Rf8 29. Qh4+ Kg8 30. Qc4+ Kh7 1/2-1/2

[Event "Pinsk"]
[Site "Pinsk"]
[Date "1993.??.??"]
[Round "?"]
[White "Ginsburg, Gennadij"]
[Black "Svistunov, Konstantin"]
[Result "0-1"]
[WhiteElo "2435"]
[BlackElo "2490"]
[Annotator "Knaak,R"]
[PlyCount "58"]
[EventDate "1993.??.??"]
[EventType "tourn"]
[EventRounds "9"]
[EventCountry "BLR"]
[EventCategory "10"]
[SourceTitle "CBM 038"]
[Source "ChessBase"]
[SourceDate "1994.02.01"]
[SourceVersion "1"]
[SourceVersionDate "1994.02.01"]
[SourceQuality "1"]

1. e4 e6 2. d4 d5 3. Nd2 Nf6 4. e5 Nfd7 5. Bd3 c5 6. c3 Nc6 7. Ne2 cxd4 8. cxd4
f6 9. exf6 Nxf6 10. Nf3 Bd6 11. O-O O-O 12. Bf4 Bxf4 13. Nxf4 Ng4 14. g3 (14.
Nh5 e5 15. dxe5 Ngxe5 16. Nxe5 Nxe5 17. Be2 Be6 18. Qd4 Qc7 19. Rfe1 Nc6 20.
Qh4 Qf7 $10 {Sorokin,M-Komarov,D/Borzhomi/1988/}) (14. Qd2 Qd6 (14... Qf6 15.
Nh5 Qh6 16. Qxh6 Nxh6 17. Ng3 a6 18. Rad1 Bd7 19. Rfe1 Nf7 $10 {Ernst,T-Crouch,
C/London/1991/}) 15. g3 e5 16. dxe5 Qh6 17. Be2 $2 (17. h4 $1 Ngxe5 18. Nxe5
Nxe5 19. Be2 Rd8 20. Rfd1 $16) 17... g5 18. h3 gxf4 19. hxg4 Bxg4 20. Qxd5+ Kh8
21. e6 Rae8 $17 {Veinger,I-Hertneck,G/Munich zt/1987/}) (14. Ne2 $5 e5 $6 (
14... Qf6 15. h3 Nh6 $10) 15. Nxe5 (15. dxe5 $2 Rxf3 16. gxf3 Ngxe5 $44 {
Kruszynski}) 15... Ncxe5 16. dxe5 Qb6 $6 (16... Nxe5 17. Nd4 $14 {Kruszynski})
17. Nd4 Rf4 18. Nf3 $16 {Kruszynski,R-Laptev,R/Krakow/1991/}) 14... g5 $1 (
14... e5 $2 15. dxe5 g5 16. Nxd5 Ncxe5 17. Nxe5 Nxe5 18. Be4 $18 {Fedorov,
VV-Seferian,N/Budapest/1989/}) 15. Ng2 Qf6 16. Be2 Nh6 17. Qd2 Nf5 18. Rad1 h6
$1 $146 (18... g4 19. Ne5 Ncxd4 (19... Nfxd4 20. Nxg4 Qg7 21. f4 Bd7 22. Ne5
Nxe5 23. Qxd4 Nc6 24. Qxg7+ Kxg7 $14 {Ginsburg,A-Nosenko,A/Simferopol/1991/})
20. Nxg4 Qg7 21. f4 $13 {Renet,O-Hertneck,G/Altensteig/1987/}) 19. Ne3 Bd7 20.
Nxf5 (20. Ng4 Qg7 21. Nfe5 $2 (21. Nge5 $2 Nfxd4 $17) (21. Bb5 $2 Nfxd4 22.
Nxd4 Nxd4 $17) 21... Ncxd4 22. Nxh6+ Nxh6 23. Qxd4 Nf5 24. Qc3 Rac8 $19) 20...
exf5 21. Bb5 f4 22. Bxc6 bxc6 23. Ne5 Bh3 24. Rfe1 Rae8 25. Rc1 $2 (25. b4 fxg3
26. fxg3 Re6 $15) 25... fxg3 26. fxg3 c5 $3 $19 27. Qc2 (27. b4 cxd4 28. Qxd4
Rxe5 $19) 27... cxd4 28. Nf3 Rxe1+ 29. Rxe1 Kh8 0-1

[Event "Stara Zagora zt-A"]
[Site "Stara Zagora"]
[Date "1990.??.??"]
[Round "4"]
[White "Ghinda, Mihail Viorel"]
[Black "Gdanski, Jacek"]
[Result "1/2-1/2"]
[WhiteElo "2450"]
[BlackElo "2430"]
[Annotator "Knaak,R"]
[PlyCount "108"]
[EventDate "1990.02.??"]
[EventType "tourn"]
[EventRounds "13"]
[EventCountry "BUL"]
[EventCategory "9"]
[SourceTitle "CBM 017"]
[Source "ChessBase"]
[SourceDate "1990.08.01"]
[SourceVersion "1"]
[SourceVersionDate "1990.08.01"]
[SourceQuality "1"]

1. e4 e6 2. d4 d5 3. Nd2 Nf6 4. Bd3 c5 5. e5 Nfd7 6. c3 Nc6 7. Ne2 cxd4 8. cxd4
f6 9. exf6 Nxf6 10. Nf3 Qc7 11. O-O Bd6 12. Bg5 O-O 13. Bh4 e5 14. dxe5 Nxe5
15. Nxe5 Bxe5 16. Bg3 Bxg3 17. Nxg3 Qb6 18. Qd2 Bd7 19. Rac1 {N} Rac8 20. Bf5
$5 Rxc1 21. Rxc1 Bxf5 22. Nxf5 g6 23. Ne7+ Kg7 24. Nc8 $1 $14 {Ein
ungewöhnliches Feld für den Springer.} Qa6 25. Qd4 b6 26. Nd6 Qe2 27. Rc7+ Kg8
28. g3 (28. h3 $2 Qe1+ 29. Kh2 Qe6 30. Nb5 a6 $19) 28... Qe6 29. Nb5 a6 30. Nc3
b5 31. Rb7 $6 {Hier entgleitet der Vorteil.} Qc6 32. Rb6 Qc4 33. Qxc4 dxc4 $10
34. Rxa6 b4 35. Nd1 Ng4 36. h3 Rd8 37. hxg4 Rxd1+ 38. Kg2 Rd2 39. Rc6 b3 40. a4
Rxb2 41. Rxc4 Ra2 42. Rb4 b2 43. a5 Rxa5 44. Rxb2 h5 45. gxh5 Rxh5 46. Rb7 Ra5
47. Kh3 Ra4 48. f4 Ra3 49. Kh4 Rf3 50. Rb4 Kg7 51. g4 Kh6 52. g5+ Kg7 53. Rb7+
Kg8 54. Kg4 Ra3 1/2-1/2

[Event "Interzonal-15"]
[Site "Manila"]
[Date "1990.??.??"]
[Round "4"]
[White "Rachels, Stuart"]
[Black "Short, Nigel D"]
[Result "1/2-1/2"]
[WhiteElo "2475"]
[BlackElo "2610"]
[Annotator "Knaak,R"]
[PlyCount "49"]
[EventDate "1990.06.29"]
[EventType "swiss"]
[EventRounds "13"]
[EventCountry "PHI"]
[SourceTitle "CBM 019"]
[Source "ChessBase"]
[SourceDate "1990.12.01"]
[SourceVersion "1"]
[SourceVersionDate "1990.12.01"]
[SourceQuality "1"]

1. e4 e6 2. d4 d5 3. Nd2 Nf6 4. e5 Nfd7 5. c3 c5 6. Ngf3 Nc6 7. Bd3 cxd4 (7...
Qb6 8. O-O Be7 9. dxc5 $1) 8. cxd4 Qb6 9. Nb3 $14 Be7 10. O-O a5 11. a4 Nb4 12.
Bb5 O-O 13. Re1 Qd8 14. Bf4 Nb8 15. Rc1 N8c6 16. Nc5 b6 17. Nd3 Bd7 18. Nxb4
Nxb4 19. Qe2 Rc8 20. Rxc8 Qxc8 21. Rc1 Qb7 22. Rc3 Na2 23. Rc2 Nb4 24. Rc3 Na2
25. Rc2 1/2-1/2

[Event "Bayamo"]
[Site "Bayamo"]
[Date "1990.??.??"]
[Round "10"]
[White "Antunes, Antonio"]
[Black "Borges Matos, Juan R"]
[Result "1-0"]
[WhiteElo "2445"]
[BlackElo "2500"]
[Annotator "Knaak,R"]
[PlyCount "77"]
[EventDate "1990.04.??"]
[EventType "tourn"]
[EventRounds "13"]
[EventCountry "CUB"]
[EventCategory "8"]
[SourceTitle "CBM 018"]
[Source "ChessBase"]
[SourceDate "1990.10.01"]
[SourceVersion "1"]
[SourceVersionDate "1990.10.01"]
[SourceQuality "1"]

1. e4 e6 2. d4 d5 3. Nd2 Nf6 4. e5 Nfd7 5. c3 c5 6. Bd3 Nc6 7. Ne2 f6 8. exf6 (
8. Nf4 $1 $14) 8... Nxf6 9. Nf3 Bd6 10. O-O O-O 11. Bf4 Bxf4 12. Nxf4 Qd6 13.
g3 e5 14. dxe5 Nxe5 15. Nxe5 Qxe5 16. Re1 Qd6 17. Qe2 Bd7 (17... Bg4 $5 18. Qe7
Qb6 19. Ne6 Rf7 20. Qxc5 Qxb2) 18. Qe7 Qc6 19. Ne6 Bxe6 20. Rxe6 Qe8 21. Rae1
Qxe7 22. Rxe7 Rf7 23. Bf5 Kf8 24. R7e5 Rd8 25. g4 g6 26. Be6 Re7 27. g5 Nd7 28.
Rxd5 Rde8 29. Re3 Nb6 30. Rd6 Kg7 31. Kg2 h6 32. h4 hxg5 33. hxg5 Rh8 34. Kg3
Rh5 35. Kg4 Rh2 36. Rf3 Re8 37. Rf7+ Kh8 38. Kg3 Rh1 39. Rxb7 1-0

[Event "URS-ch U26"]
[Site "Minsk"]
[Date "1990.??.??"]
[Round "?"]
[White "Akopian, Vladimir Eduardovic"]
[Black "Ulybin, Mikhail"]
[Result "1/2-1/2"]
[WhiteElo "2550"]
[BlackElo "2500"]
[Annotator "Knaak,R"]
[PlyCount "53"]
[EventDate "1990.01.??"]
[EventType "tourn"]
[EventRounds "13"]
[EventCountry "URS"]
[EventCategory "10"]
[SourceTitle "CBM 017"]
[Source "ChessBase"]
[SourceDate "1990.08.01"]
[SourceVersion "1"]
[SourceVersionDate "1990.08.01"]
[SourceQuality "1"]

1. e4 e6 2. d4 d5 3. Nd2 Nf6 4. e5 Nfd7 5. c3 c5 6. Bd3 Nc6 7. Ne2 cxd4 8. cxd4
f6 9. exf6 Nxf6 10. Nf3 Bd6 11. O-O O-O 12. Bg5 {Akopian spielt diesen Zug
regelmäßig.} Qb6 {Damit ist der Übergang zur Variante mit 8...Db6 hergestellt.}
13. Nc3 Kh8 {Vielleicht besser als das schon öfter gespielte 13...Ld7.} 14. Na4
{Der Springer steht hier in einigen Varianten deplaciert.} (14. Bb5 Ne4 $13 {
ECO}) (14. Be3 Ng4 $5 {Tajmanov}) 14... Qc7 15. Rc1 Ng4 {N; Vorgänger war 15...
Df7 in Hossain-Wiedenkeller/London Lloyds/1987.} 16. h3 (16. g3 $6 Qf7 17. Be2
e5 $15) 16... Nh2 17. Ne5 $5 (17. Nxh2 Bxh2+ 18. Kh1 Bf4 (18... Bd6 $6 19. Qh5
g6 20. Bxg6 Qg7 21. Bb1 Rg8 $6 22. Bf6 $1 $18) 19. Qh5 g6 20. Bxf4 Rxf4 21.
Bxg6 Qg7 22. Bb1 Bd7 23. Nc5 Be8 $1 (23... Rg8 $6 24. Qxh7+ $1 Qxh7 25. Bxh7
Kxh7 26. Nxd7 $18) 24. Qe2 Nxd4 25. Qe3 $13) 17... Bxe5 18. dxe5 Nxf1 19. Qh5
h6 (19... g6 $6 20. Bxg6 Qg7 21. Bb1 Nxe5 22. Bh6 Nf3+ 23. Kxf1 Qf7 24. Qxf3
Qxf3 25. gxf3 $18) 20. Bf6 (20. Qg6 Rf5 $8 21. g4 $13) 20... gxf6 21. Qxh6+ Kg8
22. exf6 Rxf6 {Die Notwendigkeit für diesen Zug war wohl noch nicht da, aber
es ist soundso absehbar, daß die Partie in irgendeinem Dauerschach endet.} 23.
Qxf6 Qh2+ 24. Kxf1 Qh1+ 25. Ke2 Qxc1 26. f4 Qg1 27. Bh7+ 1/2-1/2

[Event "Tatran Cup"]
[Site "Stary Smokovec"]
[Date "1990.??.??"]
[Round "11"]
[White "Salai, Ladislav"]
[Black "Tibensky, Robert"]
[Result "1/2-1/2"]
[WhiteElo "2450"]
[BlackElo "2385"]
[Annotator "Knaak,R"]
[PlyCount "45"]
[EventDate "1990.??.??"]
[EventType "tourn"]
[EventRounds "11"]
[EventCountry "CSR"]
[EventCategory "10"]
[SourceTitle "CBM 021"]
[Source "ChessBase"]
[SourceDate "1991.04.01"]
[SourceVersion "1"]
[SourceVersionDate "1991.04.01"]
[SourceQuality "1"]

1. e4 e6 2. d4 d5 3. Nd2 Nf6 4. e5 Nfd7 5. Bd3 c5 6. c3 Nc6 7. Ne2 cxd4 8. cxd4
f6 9. exf6 Qxf6 $5 {selten gespielt} 10. Nf3 h6 {N} (10... Bd6 11. O-O O-O 12.
Bg5 Qf7 13. Bh4 e5 14. dxe5 Ndxe5 15. Bxh7+ Kh8 16. Nxe5 Nxe5 17. Bc2 Qh5 18.
Bg3 Bg4 19. f3 Bc5+ 20. Nd4 Rxf3 $1 21. gxf3 Nxf3+ 22. Rxf3 Bxf3 23. Qd3 Be4
24. Qc3 Bxd4+ 25. Qxd4 Bxc2 26. Qh4 $15 {Mann-Hauke/FRG-chJ/1988}) 11. O-O Bd6
12. Be3 O-O 13. Rc1 Rf7 14. Ng3 (14. Bb5 $5) 14... Nf8 $10 15. a3 Bd7 16. b4 a6
17. Qd2 Be8 18. Rfe1 Rc7 19. Bb1 Bg6 20. Ba2 Nd7 21. Qb2 Kh8 22. Bd2 Re8 23.
Bb3 1/2-1/2